Lengua Alemana: Tomo segundo
Gespeichert in:
| 1. Verfasser: | |
|---|---|
| Format: | Buch |
| Sprache: | Deutsch |
| Erschienen: |
Santiago
soc. imp, y lit. Universo
1918
|
| Katalog: | MANES: Suchergebnis im Bibliothekskatalog |
| Schulbuchspezifische Eigenschaften: |
|
| Tags: |
Tag hinzufügen
Keine Tags, Fügen Sie den ersten Tag hinzu!
|
| Hinzugefügt zu: | 18.02.2022 |
| Geändert in: | 25.04.2025 |
MARC
| LEADER | 00000nam a22000007a 4500 | ||
|---|---|---|---|
| 005 | 20250425101523.0 | ||
| 008 | 220219b |||||||| |||| 00| 0 ger d | ||
| 040 | |a MGM | ||
| 100 | |9 41667 |a Everding, Enrique |e autor | ||
| 245 | |a Lengua Alemana: Tomo segundo | ||
| 260 | |a Santiago |b soc. imp, y lit. Universo |c 1918 | ||
| 300 | |a 309 p. |c 18,2 x 13,2 cm, | ||
| 546 | |a Chile | ||
| 561 | |5 cl-MGM |3 T 430 E93l 1918 2° |a Chile. Museo Gabriela Mistral |k MANES | ||
| 690 | |a LE | ||
| 691 | |a SE | ||
| 942 | |2 ddc |c BK | ||
| 999 | |c 99229 |d 99229 | ||
| 999 | |c manes:99229 |d 99229 | ||